[Event "Challenge"]
[Site "http://www.queenalice.com/game.php?id=412201"]
[Date "2008.6.3"]
[Round "-"]
[White "JeanTeixeira"]
[Black "WelintonMaia"]
[Result "1-0"]
[WhiteElo "1351"]
[BlackElo "1720"]

1. d4 d5 2. c4 dxc4 3. Nc3 Bd7 4. e4 b5 5. a4 b4 6. Nd5 e6 7. Ne3 c3 8. bxc3 Na6
9. Ne2 bxc3 10. Nxc3 Bb4 11. Qd2 Qh4 12. g3 Bxc3 13. Qxc3 Qxe4 14. Bxa6 Qxh1+
15. Nf1 Qe4+ 16. Ne3 Nf6 17. h3 Nd5 18. Qxc7 Nxc7 19. Ba3 1-0

[Event "AUTO-OPEN-1151"]
[Site "http://www.queenalice.com/game.php?id=412330"]
[Date "2008.6.3"]
[Round "1"]
[White "JeanTeixeira"]
[Black "TheBigSid"]
[Result "0-1"]
[WhiteElo "1356"]
[BlackElo "2122"]

1. e4 e6 2. d4 d5 3. f3 dxe4 4. fxe4 Qh4+ 5. Ke2 Qxe4+ 6. Be3 Nf6 7. Nf3 Ng4 8.
Qd3 Qxe3+ 9. Qxe3 Nxe3 10. Kxe3 c5 11. Nc3 cxd4+ 12. Nxd4 Bc5 13. Kd3 O-O 14.
Be2 Rd8 15. Nb5 Nc6 16. c3 e5 17. Bf3 exd4 18. cxd4 Nxd4 19. Nxd4 Bxd4 20. Bd5
Rxd5 21. Rhf1 Bxb2+ 22. Kc4 Be6 23. Rae1 Rc8+ 24. Kb4 Rd4+ 25. Kb5 Ba3 26. Rc1
Bxc1 27. g3 Ba3 28. Rf3 Rc5# 0-1

[Event "AUTO-OPEN-1151"]
[Site "http://www.queenalice.com/game.php?id=412331"]
[Date "2008.6.3"]
[Round "1"]
[White "TheBigSid"]
[Black "JeanTeixeira"]
[Result "1-0"]
[WhiteElo "2123"]
[BlackElo "1356"]

1. d4 d5 2. c4 e5 3. dxe5 dxc4 4. Qxd8+ Kxd8 5. e4 Ne7 6. Bxc4 Nbc6 7. Nf3 f6 8.
exf6 gxf6 9. O-O Ng6 10. Nc3 Nge5 11. Nxe5 fxe5 12. Bg5+ Be7 13. Bxe7+ Nxe7 14.
Rfd1+ Ke8 15. Nb5 c6 16. Nd6+ Kf8 17. Rd3 b5 18. Rf3+ Kg7 19. Bb3 Bg4 20. Rf7+
Kg8 21. Rxe7+ Kf8 22. Rf7+ Kg8 23. Rxa7+ Kf8 24. Rxa8+ Kg7 25. Rxh8 Kxh8 26. f3
Bh5 27. Nf5 c5 28. Rd1 Be8 29. Rd8 h5 30. Rxe8+ Kh7 31. Rxe5 c4 32. Bxc4 1-0

[Event "AUTO-OPEN-1151"]
[Site "http://www.queenalice.com/game.php?id=412332"]
[Date "2008.6.3"]
[Round "1"]
[White "JeanTeixeira"]
[Black "rrenato"]
[Result "0-1"]
[WhiteElo "1411"]
[BlackElo "1763"]

1. e4 c5 2. Nf3 d6 3. d4 Bg4 4. Be2 cxd4 5. Nxd4 Bxe2 6. Qxe2 e5 7. Qb5+ Qd7 8.
Nc3 exd4 9. Qxd7+ Nxd7 10. Bf4 Ngf6 11. O-O dxc3 12. bxc3 Be7 13. Rab1 b6 14. c4
O-O 15. f3 Nc5 16. Rbe1 Nh5 17. Be3 f5 18. Rd1 fxe4 19. Rd5 Nf6 20. Rd4 exf3 21.
gxf3 Nh5 22. a3 Ne6 23. Rh4 Bxh4 24. Bd4 Nxd4 0-1

[Event "AUTO-OPEN-1151"]
[Site "http://www.queenalice.com/game.php?id=412333"]
[Date "2008.6.3"]
[Round "1"]
[White "rrenato"]
[Black "JeanTeixeira"]
[Result "1-0"]
[WhiteElo "1765"]
[BlackElo "1430"]

1. e4 e5 2. Nf3 f6 3. Bc4 Nc6 4. d4 exd4 5. Nxd4 Nxd4 6. Qxd4 Ne7 7. O-O d6 8.
Be3 c5 9. Qc3 a6 10. Nd2 g5 11. Qxf6 Rg8 12. Bxg8 h6 13. Bf7+ Kd7 14. Be6+ Kc6
15. Bxc8 Rxc8 16. Qc3 a5 17. Nb3 Qb6 18. Nxa5+ Kd7 19. Rad1 Ra8 20. Nc4 Qc6 21.
Rxd6+ Qxd6 22. Nxd6 Kxd6 23. Qxc5+ Kd7 24. Rd1+ Ke8 25. a3 Ng6 26. Qb5+ Kf7 27.
Rd7+ Kg8 28. Qf5 Nh4 29. Qf7+ 1-0

[Event "AUTO-BEG-222"]
[Site "http://www.queenalice.com/game.php?id=413229"]
[Date "2008.6.5"]
[Round "1"]
[White "Borsssoi"]
[Black "JeanTeixeira"]
[Result "1-0"]
[WhiteElo "1307"]
[BlackElo "1393"]

1. e4 c5 2. d3 e5 3. Nf3 Nc6 4. Be3 b6 5. Nc3 Nf6 6. Qd2 d6 7. O-O-O Bg4 8. Nb5
Be7 9. c3 Kf8 10. d4 cxd4 11. cxd4 a6 12. dxe5 dxe5 13. Qxd8+ Nxd8 14. h3 Bd7
15. Nc3 Rc8 16. Bxa6 Rc6 17. Nxe5 Be6 18. Rxd8+ Bxd8 19. Nxc6 Be7 20. Nxe7 Kxe7
21. Rd1 Ra8 22. Bb5 h6 23. Bxb6 Rb8 24. Bc5# 1-0

[Event "AUTO-BEG-222"]
[Site "http://www.queenalice.com/game.php?id=413230"]
[Date "2008.6.5"]
[Round "1"]
[White "JeanTeixeira"]
[Black "Borsssoi"]
[Result "0-1"]
[WhiteElo "1346"]
[BlackElo "1458"]

1. d4 f5 2. Nf3 g6 3. c4 b6 4. Nc3 Bg7 5. e3 Ba6 6. Be2 Nf6 7. d5 c6 8. Bd3 Ng4
9. e4 e6 10. O-O Qc7 11. a4 Be5 12. g3 O-O 13. Bd2 Qd6 14. Bh6 Nxh6 15. Qd2 Bg7
16. Qf4 Qxf4 17. gxf4 Bxc3 18. bxc3 fxe4 19. Bxe4 Bxc4 20. Ne5 Bxf1 21. Kxf1
cxd5 22. Bd3 d6 23. Nf3 Rxf4 24. Ng5 Nc6 25. Nxe6 Rf6 26. Re1 Rf3 27. Bb5 Ne5
28. h4 Nhg4 29. Re2 Rxc3 30. Nd4 Nf3 31. Re6 Nxd4 32. Rxd6 Nxb5 33. axb5 Rc2 34.
Rxd5 Rf8 35. Ke1 Rfxf2 36. Kd1 Ra2 37. Ke1 Rh2 38. Rd8+ Kg7 39. Rd7+ Kh6 40. Rd1
Rh1# 0-1

[Event "AUTO-BEG-222"]
[Site "http://www.queenalice.com/game.php?id=413241"]
[Date "2008.6.5"]
[Round "1"]
[White "italomachado"]
[Black "JeanTeixeira"]
[Result "0-1"]
[WhiteElo "1375"]
[BlackElo "1407"]

1. e4 e5 2. Nc3 Nc6 3. Nf3 Nf6 4. Ng5 h6 5. Nf3 a5 6. g4 b5 7. g5 b4 8. Na4 Ba6
9. Bh3 d5 10. exd5 Nxd5 11. Nc5 Bxc5 12. Rg1 f6 13. gxf6 Nxf6 14. d4 exd4 15.
Qe2+ Bxe2 16. Kxe2 Qe7+ 17. Kd3 Qe4+ 18. Kc4 Qxf3 19. Bg2 Qxf2 20. Bxc6+ Nd7 21.
Rxg7 Rd8 22. c3 Qf6 23. Bxd7+ Rxd7 24. Rg1 dxc3 25. Kxc5 cxb2 26. Re1+ Kf8 27.
Bxb2 Qxb2 28. Rf1+ Rf7 29. Rab1 Qc2+ 30. Kb5 Rf5+ 31. Ka6 Qd3+ 32. Kb7 Rxf1 33.
Rb2 h5 34. Kxc7 Rf6 35. Rb3 Qd6+ 36. Kc8 Rh7 37. a4 Rd7 38. Rh3 Qa6+ 39. Kxd7
Qb7+ 40. Kd8 Rf7 41. Rc3 Qb8+ 42. Rc8 Qd6# 0-1

[Event "AUTO-BEG-222"]
[Site "http://www.queenalice.com/game.php?id=413242"]
[Date "2008.6.5"]
[Round "1"]
[White "JeanTeixeira"]
[Black "italomachado"]
[Result "1-0"]
[WhiteElo "1319"]
[BlackElo "1308"]

1. d4 d5 2. Nc3 Nc6 3. Nf3 Nb4 4. a3 Nc6 5. h4 b5 6. h5 Nf6 7. e3 Bg4 8. Bxb5
Bd7 9. e4 dxe4 10. Nd2 Nxd4 11. Ba6 Bg4 12. f3 exf3 13. gxf3 Bxh5 14. Nf1 Bxf3
15. Qd3 Bxh1 16. Be3 Nf3+ 17. Kd1 e5 18. Bb5+ Ke7 19. b4 Qc8 20. Qc4 Qd8+ 21.
Nd2 Nh4 22. Bc5+ Qd6 23. Bxd6+ cxd6 24. Qxh4 Rc8 25. Qh3 Rc7 26. Ne2 Bc6 27. Qd3
h5 28. Nc4 e4 29. Qxd6+ Ke8 30. Qxc7 Bxb5 31. Nd6+ Bxd6 32. Qxd6 h4 33. Nd4 Bc4
34. Nc6 h3 35. Qd8# 1-0

[Event "AUTO-BEG-222"]
[Site "http://www.queenalice.com/game.php?id=413249"]
[Date "2008.6.5"]
[Round "1"]
[White "JeanTeixeira"]
[Black "Krajnicov"]
[Result "1-0"]
[WhiteElo "1285"]
[BlackElo "1433"]

1. d4 e6 2. e4 Qh4 3. Nc3 Bd6 4. Nf3 Qf6 5. h4 Nc6 6. g3 Bb4 7. a4 d5 8. Bd2 Nh6
9. h5 Nxd4 10. Nh2 Bc5 11. Be2 Nb3 12. Be3 Nd4 13. Nf3 e5 14. Nxd4 exd4 15. Bxd4
Bxd4 16. O-O O-O 17. Nxd5 Qe5 18. Nxc7 Rb8 19. Nb5 Bxb2 20. Ra2 Bc3 21. Qd3 Bb4
22. Qc4 Ba5 23. f4 Qe6 24. Qd4 Qh3 25. Qe3 Ng4 26. Qd3 Be6 27. c4 Rbc8 28. Rc2
Rc5 29. Nxa7 Rxh5 30. Bxg4 Qh2+ 31. Rxh2 Bxg4 32. Rxh5 Bxh5 33. Qd5 Bb6+ 34. Kh1
Be2 35. Re1 Bf3+ 36. Kh2 Bxa7 37. Qxb7 Bc5 38. a5 Rd8 39. Qc7 Rd2+ 40. Kh3 h5
41. Qxc5 f6 42. a6 g5 43. fxg5 fxg5 44. Qxg5+ Kf7 45. Qxd2 Bg4+ 46. Kg2 Kg6 47.
a7 1-0

[Event "AUTO-BEG-222"]
[Site "http://www.queenalice.com/game.php?id=413250"]
[Date "2008.6.5"]
[Round "1"]
[White "Krajnicov"]
[Black "JeanTeixeira"]
[Result "1-0"]
[WhiteElo "1416"]
[BlackElo "1323"]

1. e4 c5 2. Bc4 Nc6 3. Qf3 Nf6 4. g4 d6 5. g5 Nd4 6. Qd3 Qd7 7. Nf3 Nxf3+ 8.
Qxf3 a5 9. gxf6 gxf6 10. Rg1 b5 11. Bd5 Bb7 12. Rg3 e6 13. Bxb7 Qxb7 14. Qg2 Bh6
15. Rg8+ Rxg8 16. Qxg8+ Ke7 17. Qxh7 Bf4 18. Kd1 c4 19. d3 Bxh2 20. Qxh2 cxd3
21. cxd3 Rc8 22. Bf4 Rc5 23. d4 Rc4 24. Bxd6+ Ke8 25. Bg3 Qxe4 26. Nd2 Rxd4 27.
Rc1 Qd5 28. Qh8+ Ke7 29. Rc7+ Qd7 30. Rc8 Rxd2+ 31. Kc1 Rd3 32. Qf8# 1-0

[Event "Challenge"]
[Site "http://www.queenalice.com/game.php?id=434197"]
[Date "2008.7.16"]
[Round "-"]
[White "JeanTeixeira"]
[Black "GreatDarkSpot"]
[Result "0-1"]
[WhiteElo "1427"]
[BlackElo "1322"]

1. e4 e5 2. Nf3 Nc6 3. Nc3 Bc5 4. Bc4 Nf6 5. d3 O-O 6. O-O d6 7. Ng5 Ng4 8. a3
b6 9. b4 Bd4 10. Bb2 a5 11. Qxg4 Bxg4 12. h3 Bh5 13. h4 axb4 14. axb4 Rxa1 15.
Rxa1 Nxb4 16. Na4 Nxc2 17. Rb1 Qa8 18. Bb5 h6 19. Nh3 Qa5 20. Nc3 Qb4 21. Rc1
Qxb2 22. Bd7 Qxc1+ 23. Kh2 Rd8 24. Ba4 Bg4 25. Bxc2 Qxc2 26. Ng1 Bxc3 0-1

[Event "Challenge"]
[Site "http://www.queenalice.com/game.php?id=435170"]
[Date "2008.7.18"]
[Round "-"]
[White "JeanTeixeira"]
[Black "lucasalex"]
[Result "0-1"]
[WhiteElo "1399"]
[BlackElo "1858"]

1. e4 Nf6 2. Nc3 d5 3. Nf3 dxe4 4. Nd4 e5 5. Nf5 Bxf5 6. Bc4 Bc5 7. a3 Nc6 8. b4
Bd4 9. O-O O-O 10. Qe2 g6 11. g3 Bg4 12. Qe1 Bf3 13. a4 Qd7 14. Rb1 Qh3 0-1

[Event "Challenge"]
[Site "http://www.queenalice.com/game.php?id=435171"]
[Date "2008.7.18"]
[Round "-"]
[White "JeanTeixeira"]
[Black "demonsword"]
[Result "0-1"]
[WhiteElo "1363"]
[BlackElo "1623"]

1. e4 d5 2. Nc3 d4 3. Nd5 c6 4. Nf4 e5 5. Nd3 Bd6 6. c4 Na6 7. Nf3 Be6 8. a3 Nc5
9. Nb4 a5 10. Nc2 Nb3 11. d3 Nxa1 12. Nxa1 Nf6 13. h4 O-O 14. Nb3 b5 15. Ng5 Bg4
16. Qd2 h6 17. Nf3 a4 18. Na1 Bxf3 19. gxf3 bxc4 20. dxc4 Nh5 21. b3 axb3 22.
Nxb3 Bxa3 23. Bxa3 Rxa3 24. Qb2 Qe7 25. Rg1 Qb4+ 26. Ke2 Rxb3 27. Qc1 Nf4+ 28.
Kd1 Rb1 29. Kc2 Rxc1+ 30. Kxc1 d3 31. Bxd3 Nxd3+ 32. Kc2 Qxc4+ 33. Kd2 Ra8 34.
Ke3 Ra3 35. Rd1 Nf4+ 36. Kd2 Ra2+ 37. Ke1 Qe2# 0-1

[Event "Challenge"]
[Site "http://www.queenalice.com/game.php?id=435180"]
[Date "2008.7.18"]
[Round "-"]
[White "JeanTeixeira"]
[Black "catfishcore"]
[Result "0-1"]
[WhiteElo "1385"]
[BlackElo "1466"]

1. e4 b6 2. d4 e6 3. Nc3 Bb4 4. a3 Be7 5. b4 Bb7 6. Nf3 Nf6 7. Bd3 d6 8. a4 d5
9. exd5 exd5 10. b5 Bc8 11. h3 h6 12. Qe2 g6 13. Ba3 Be6 14. Qe3 g5 15. g3 Qd7
16. Ng1 a6 17. Nf3 c6 18. Bb4 Bxb4 19. Qd2 Bxh3 20. bxc6 Nxc6 21. Ng1 O-O 22.
Nxh3 Ne4 23. Bxe4 Rfe8 24. Qe2 Nxd4 25. Qd2 dxe4 26. Rb1 a5 27. f4 Nf3+ 28. Kf2
Qxd2+ 29. Kf1 Bxc3 30. Nf2 e3 31. Nd1 e2+ 32. Kf2 e1=Q+ 33. Kxf3 Qxh1+ 34. Kg4
Qd7+ 35. f5 Re4# 0-1

[Event "AUTO-BEG-222"]
[Site "http://www.queenalice.com/game.php?id=448855"]
[Date "2008.8.15"]
[Round "2"]
[White "william_1987br"]
[Black "JeanTeixeira"]
[Result "1-0"]
[WhiteElo "1557"]
[BlackElo "1381"]

1. e4 e5 2. Bc4 g6 3. Nf3 Nc6 4. O-O Bc5 5. d3 d6 6. Bg5 Qd7 7. Bf6 Nxf6 8. Nc3
Ng4 9. Qd2 h5 10. Nb5 a6 11. Nc3 Na5 12. Nd5 b5 13. b4 Nxc4 14. dxc4 Bxf2+ 15.
Kh1 f5 16. exf5 Qxf5 17. Nh4 Qe4 18. Nxc7+ Kd7 19. Nxa8 bxc4 20. h3 Nf6 21. Qxf2
Qxh4 22. Qxh4 Rf8 23. Nb6+ Kc7 24. Nxc8 Kxc8 25. Rxf6 Rd8 26. Rd1 d5 27. Rc6+
Kd7 28. Qf6 Ke8 29. Rc7 Rd7 30. Rc8+ 1-0

[Event "AUTO-BEG-222"]
[Site "http://www.queenalice.com/game.php?id=448856"]
[Date "2008.8.15"]
[Round "2"]
[White "JeanTeixeira"]
[Black "william_1987br"]
[Result "0-1"]
[WhiteElo "1372"]
[BlackElo "1570"]

1. e4 e5 2. Qf3 d5 3. exd5 Nf6 4. Nc3 c6 5. Bc4 Bc5 6. Nge2 Bg4 7. Qd3 Bxe2 8.
Qxe2 Nbd7 9. a3 O-O 10. b4 Bd4 11. Bb2 c5 12. bxc5 Nxc5 13. a4 a5 14. Nb5 Bxb2
15. Rb1 Bd4 16. c3 Bxf2+ 17. Qxf2 Nce4 18. Qf3 Rc8 19. Na3 Qd6 20. Nb5 Qc5 21.
d3 Ng5 22. Qf5 h6 23. Qxe5 Rfe8 24. d4 Qe7 25. O-O Rxc4 26. Rfe1 Kf8 27. Nc7
Rxc7 28. Rb6 Rxc3 29. Rxb7 Nd7 30. Rxd7 Qxd7 31. Qxe8+ Qxe8 32. Rxe8+ Kxe8 33.
d6 Ne4 34. g3 f5 35. Kg2 g5 36. h4 gxh4 37. gxh4 Rg3+ 38. Kh2 f4 39. d5 f3 0-1

[Event "AUTO-BEG-222"]
[Site "http://www.queenalice.com/game.php?id=448859"]
[Date "2008.8.15"]
[Round "2"]
[White "Krajnicov"]
[Black "JeanTeixeira"]
[Result "1-0"]
[WhiteElo "1487"]
[BlackElo "1375"]

1. e4 e5 2. Qf3 Qf6 3. Qc3 Nc6 4. Bc4 Bc5 5. Nf3 Nge7 6. Bb3 b6 7. Qc4 Rf8 8.
Na3 Nb4 9. c3 Nc2+ 10. Ke2 Nxa3 11. bxa3 c6 12. Bb2 g5 13. h4 h6 14. d4 exd4 15.
cxd4 d5 16. Qd3 Bd6 17. e5 Bxe5 18. dxe5 Qf4 19. g3 Qf5 20. Qd2 Qe4+ 21. Qe3
Qc2+ 22. Qd2 Qe4+ 23. Qe3 Qc2+ 24. Qd2 Qxd2+ 25. Kxd2 Bg4 26. Nd4 c5 27. Nc2 Nf5
28. Ba4+ Kd8 29. Bc6 Rc8 30. Bxd5 a5 31. Ne3 Nxe3 32. fxe3 Rc7 33. Rhf1 Rd7 34.
e4 Bh3 35. Rf6 b5 36. Rd1 a4 37. Kc1 b4 38. axb4 cxb4 39. Rd4 a3 40. Ba1 Re8 41.
Rxf7 Rxf7 42. Bxf7+ Ke7 43. Bxe8 Kxe8 44. Rxb4 Bf1 45. e6 Ke7 46. Rb6 Bh3 47.
Bg7 Bxe6 48. Bxh6 Bxa2 49. Bxg5+ Kf7 50. Bf6 Bc4 51. Kb1 a2+ 52. Ka1 Kg6 53.
Be5+ Kh5 54. Bd6 Kg4 55. Rc6 Bd3 56. Be7 Kxg3 57. Re6 Kf3 58. e5 Ke3 59. h5 Kd2
60. h6 Bc4 61. Rd6+ Kc2 62. h7 1-0

[Event "AUTO-BEG-222"]
[Site "http://www.queenalice.com/game.php?id=448860"]
[Date "2008.8.15"]
[Round "2"]
[White "JeanTeixeira"]
[Black "Krajnicov"]
[Result "0-1"]
[WhiteElo "1370"]
[BlackElo "1531"]

1. e4 e5 2. c3 Qf6 3. Qf3 Qc6 4. b4 a5 5. Ba3 b5 6. Be2 d6 7. bxa5 Rxa5 8. g4
Nf6 9. d4 exd4 10. Nd2 Rxa3 11. Rc1 Rxa2 12. Nh3 Qc5 13. Nb3 Qa3 14. Bxb5+ Bd7
15. Bc4 Qb2 16. Qd1 Nxg4 17. O-O Ra4 18. Rc2 Qa3 19. Qxd4 Ne5 20. Ra2 Qxa2 21.
Rc1 Nxc4 22. Qa7 Rxa7 0-1

[Event "Challenge"]
[Site "http://www.queenalice.com/game.php?id=454353"]
[Date "2008.8.27"]
[Round "-"]
[White "JeanTeixeira"]
[Black "Mickwait"]
[Result "1-0"]
[WhiteElo "1367"]
[BlackElo "1312"]

1. e4 e5 2. d3 c5 3. c4 Be7 4. Nc3 Nf6 5. Nf3 Nc6 6. Be3 d6 7. Qa4 Bd7 8. Qb5
Na5 9. Qxd7+ Qxd7 10. a3 O-O 11. h4 Ng4 12. Bg5 h6 13. Bxe7 Qxe7 14. Rb1 Nb3 15.
Nb5 a6 16. Nc3 Nf6 17. h5 Qe6 18. Rh4 Nd4 19. Nd2 Rab8 20. b4 b6 21. f3 Qe7 22.
g3 b5 23. cxb5 axb5 24. a4 bxa4 25. Nxa4 Rxb4 26. Rxb4 cxb4 27. f4 Ra8 28. Nb6
Ra1+ 29. Kf2 b3 30. Bh3 b2 31. Nc8 Qc7 32. Nc4 1-0

[Event "Challenge"]
[Site "http://www.queenalice.com/game.php?id=475729"]
[Date "2008.10.11"]
[Round "-"]
[White "JeanTeixeira"]
[Black "ajJ"]
[Result "1-0"]
[WhiteElo "1357"]
[BlackElo "1209"]

1. e4 g6 2. g3 Bg7 3. c3 Nf6 4. Nf3 O-O 5. d4 c6 6. b4 Nxe4 7. Qd3 Nd6 8. Bf4 g5
9. Bxg5 b6 10. Nbd2 b5 11. a4 bxa4 12. Rxa4 f6 13. Bf4 e5 14. dxe5 fxe5 15. Bg5
Bf6 16. h4 Bxg5 17. hxg5 Ba6 18. Rxa6 1-0